| 000 | 00826nam a22002772a 4500 | ||
|---|---|---|---|
| 999 |
_c6073 _d6073 |
||
| 001 | 6073 | ||
| 003 | BD - JCC | ||
| 005 | 20180101180211.0 | ||
| 008 | 500101s1979 enk 000 0 eng d | ||
| 020 | _a0906226120 (sd) | ||
| 020 | _a0906226139 | ||
| 035 | _a( BD - JCC)6073 | ||
| 040 |
_aUKM _cUKM _dEQO _dBD - JCC |
||
| 041 | _aeng | ||
| 082 |
_a821/.914 _219 _bBOR 1979 |
||
| 100 | 1 | _aBorn, Anne. | |
| 245 | 1 | 0 |
_aChanging views / _cAnne Born |
| 260 |
_aOxford (40 George St., Oxford OX1 2AQ) : _bMid-Day Publications Ltd, _c1979 |
||
| 300 |
_a479 p. : _c26 cm |
||
| 500 | _aAlso available in a limited ed. of 25 numbered copies signed by the author | ||
| 500 | _aISBN 0-906226-13-9 Signed ed. : Unpriced | ||
| 650 | 0 | _aEnglish poetry | |
| 830 | 0 |
_aOld Fire Station poets ; _v6 |
|
| 942 |
_2ddc _cBK |
||